000 00677nam a2200241Ia 4500
003 OSt
005 20220928123959.0
006 a|||||r|||| 00| 0
007 ta
008 220927b |||||||| |||| 00| 0 eng d
024 _a26841
037 _cTextual
040 _aSDCL
_cSDCL
_beng
041 _2eng
_aeng
082 _aX:8M, P2
100 _aStredwick John
_9462968
245 0 _aFlexible working practices
_b Techniques and innovations
260 _aMumbai
_bJaico Publishing House
_c2002
300 _axv,328p
_ccm.
700 _a Ellis Steve
_9462969
942 _hX:8M, P2
_cTEXL
_2CC
999 _c775917
_d775917